Six The Musical Quiz - Statistics

General Stats
  • This quiz has been taken 376 times
  • The average score is 10 of 15
Answer Stats
Question Answer % Correct
How many wives did Henry 8th have 6
100%
Is Six good? ITS AMAZING
97%
Finish the lyrics.. Lock up your husbands Lock up your sons.... K. Howard is here and the funs begun
95%
Finish the lyrics.. Hans houlbien goes around the world.. Painting all of the beautiful girls
88%
Finish the lyrics.... If you thought it'd be funny..... to send me to a nunnery
83%
How many songs are there in Six? 9
82%
Who wrote Six the M? Lucy Moss and Toby Marlow
72%
Finish the lyrics... We know you know our names and our fame and our faces Know all about the glories and the disgraces
70%
What is the title of Anne Boleyn's song? Don't Lose Ur Head
64%
What language is Hous of Holbien English/German
57%
What is the fifth song in six? Hous of Houlbien
57%
Who did Catherine Parr remarry to? Sir Thomas Seymore
55%
Finish the lyrics... Too many years lost in history... We're free to take our crowning glory
49%
How many songs did each wife sing in? 9
27%
How many children did Henry the 8th have? 14
9%
No matching quizzes found
Score Distribution
Percent of People with Each Score
Percentile by Number Answered
Your Score History
You have not taken this quiz